[Event "XII Festival A"]
[Site "Trieste ITA"]
[Date "2010.09.05"]
[Round "3"]
[White "Petrachi, Gianni"]
[Black "Ottaviani, Gianluca"]
[Result "1/2-1/2"]
[WhiteElo "1899"]
[BlackElo "1936"]
[PlyCount "36"]
[EventDate "2010.09.04"]

1. e4 d6 2. d4 Nf6 3. Nc3 g6 4. Nf3 Bg7 5. Bd3 O-O 6. O-O Bg4 7. h3 Bxf3 8.
Qxf3 Nc6 9. Ne2 Nd7 10. c3 e5 11. d5 Ne7 12. Ng3 c6 13. c4 a6 14. Rb1 Rb8 15.
a4 Nc5 16. Bc2 b5 17. axb5 cxb5 18. cxb5 axb5 1/2-1/2

[Event "XII Festival A"]
[Site "Trieste ITA"]
[Date "2010.09.05"]
[Round "3"]
[White "Piscopo, Pierluigi"]
[Black "Gleizerov, Evgeny"]
[Result "1/2-1/2"]
[WhiteElo "2424"]
[BlackElo "2564"]
[PlyCount "53"]
[EventDate "2010.09.04"]

1. e4 e6 2. Qe2 c5 3. Nf3 Nc6 4. g3 g6 5. Bg2 Bg7 6. O-O Nge7 7. c3 e5 8. d4
cxd4 9. cxd4 exd4 10. Bf4 d5 11. e5 h6 12. h4 O-O 13. Qd2 Kh7 14. Na3 Nf5 15.
Rfe1 Re8 16. Rad1 Qb6 17. Bf1 Nfe7 18. Nb5 Bg4 19. e6 fxe6 20. Bc7 Qa6 21. Qf4
Bxf3 22. Qxf3 Qxa2 23. Ra1 Qxb2 24. Rab1 Qa2 25. Ra1 Qd2 26. Rad1 Qa2 27. Ra1
1/2-1/2

[Event "XII Festival A"]
[Site "Trieste ITA"]
[Date "2010.09.05"]
[Round "3"]
[White "Pompili, Ugo"]
[Black "Pasquotto, Mirko"]
[Result "0-1"]
[WhiteElo "1877"]
[BlackElo "1934"]
[PlyCount "88"]
[EventDate "2010.09.04"]

1. d4 Nf6 2. e3 g6 3. f4 Bg7 4. Nf3 O-O 5. Bd3 d6 6. e4 c5 7. c3 a6 8. O-O b5
9. Qe2 Qb6 10. Kh1 Nbd7 11. Be3 Bb7 12. Bg1 Nh5 13. g3 e6 14. Nbd2 f5 15. Rac1
Rfe8 16. Qf2 Bc6 17. h4 Qb7 18. Rce1 Ndf6 19. e5 Ne4 20. Nxe4 fxe4 21. Be2 exf3
22. Bxf3 Bxf3+ 23. Qxf3 Nxg3+ 24. Kg2 Qxf3+ 25. Rxf3 Nf5 26. Bf2 dxe5 27. fxe5
cxd4 28. cxd4 Rac8 29. Re2 Rc4 30. Rd2 Rd8 31. Rfd3 Bh6 32. Re2 Nxd4 33. Re4
Nc6 34. Rxc4 bxc4 35. Rd6 Rxd6 36. exd6 Bf8 37. Bc5 Kf7 38. Kf3 e5 39. Ke4 Ke6
40. b3 cxb3 41. axb3 Bxd6 42. Be3 Na5 43. Kf3 Nxb3 44. Kg4 a5 0-1

[Event "XII Festival A"]
[Site "Trieste ITA"]
[Date "2010.09.05"]
[Round "3"]
[White "Varini, Massimo"]
[Black "Sevenyuk, Alexey"]
[Result "1-0"]
[WhiteElo "2105"]
[BlackElo "1920"]
[PlyCount "83"]
[EventDate "2010.09.04"]

1. d4 Nf6 2. c4 d6 3. Nc3 Nbd7 4. e4 e5 5. Nf3 Be7 6. h3 c6 7. Be3 O-O 8. Be2
Re8 9. d5 a6 10. O-O cxd5 11. cxd5 b5 12. Nd2 Nf8 13. a4 b4 14. Na2 a5 15. Nc1
Bd7 16. Ncb3 Qb8 17. Bd3 Ng6 18. Nc4 Bd8 19. Qf3 Rf8 20. g4 Ne8 21. Rfc1 h6 22.
Rc2 Nh8 23. Kh1 g5 24. Qd1 Ng6 25. f3 Kg7 26. Qg1 Nf4 27. Bf1 Rh8 28. Bxf4 gxf4
29. Rg2 Qa7 30. Rc2 Qxg1+ 31. Kxg1 Kf8 32. Ncd2 h5 33. Bb5 Bxb5 34. axb5 hxg4
35. hxg4 a4 36. Rc6 Rb8 37. Rxa4 Rxb5 38. Ra8 Bb6+ 39. Kg2 Be3 40. Nc4 Kg7 41.
Rcc8 Nc7 42. Rxh8 1-0

[Event "XII Festival A"]
[Site "Trieste ITA"]
[Date "2010.09.06"]
[Round "4"]
[White "Bevilacqua, Andrea"]
[Black "Srebrnic, Vojko"]
[Result "0-1"]
[WhiteElo "2132"]
[BlackElo "2178"]
[PlyCount "158"]
[EventDate "2010.09.04"]

1. d4 g6 2. e4 c6 3. Nf3 d5 4. Nc3 Bg7 5. Be2 Bg4 6. exd5 cxd5 7. Ne5 Bxe2 8.
Qxe2 a6 9. O-O Nf6 10. Re1 O-O 11. Bg5 Qb6 12. Qe3 e6 13. Na4 Qc7 14. Nc5 Nbd7
15. Ncxd7 Nxd7 16. Nxd7 Qxd7 17. c3 Rfc8 18. Qf4 b5 19. Bf6 Qc7 20. Qh4 Rab8
21. a3 a5 22. Re3 b4 23. axb4 axb4 24. Rh3 Bxf6 25. Qxf6 Qd8 26. Qf4 Qe7 27.
Qh6 f6 28. Re1 bxc3 29. bxc3 Rb6 30. Qd2 Rbc6 31. Rhe3 Qd7 32. h3 Kf7 33. Qe2
Rb8 34. f4 Rb3 35. f5 gxf5 36. Qh5+ Kg7 37. Rg3+ Kh8 38. Qh6 Qf7 39. Ra1 Rcb6
40. Ra7 Rb7 41. Ra6 R7b6 42. Ra8+ Rb8 43. Ra7 R3b7 44. Ra6 Re7 45. Rc6 Rf8 46.
Kh2 Rfe8 47. Ra6 Qf8 48. Qh4 Rg7 49. Qf4 Rxg3 50. Kxg3 Qg7+ 51. Kh2 Rg8 52. Ra2
h5 53. h4 Kh7 54. Re2 Qf7 55. Qf3 Re8 56. Qf4 Re7 57. Re3 Re8 58. Rg3 Rc8 59.
Re3 Qd7 60. Qf3 Qf7 61. Qf4 Rg8 62. Rg3 Rg4 63. Rxg4 hxg4 64. Qd6 Kg6 65. Qb8
Kg7 66. Qd6 Kh7 67. Kg3 Qg8 68. Qe7+ Kg6 69. Qc7 Kh5 70. Qe7 Qb8+ 71. Kf2 Qf4+
72. Ke2 Kxh4 73. Qxf6+ Kg3 74. Qxe6 Kxg2 75. c4 dxc4 76. d5 c3 77. Qe3 Qf3+ 78.
Kd3 f4 79. Qxf3+ gxf3 0-1

[Event "XII Festival A"]
[Site "Trieste ITA"]
[Date "2010.09.06"]
[Round "4"]
[White "Biason, Adriano"]
[Black "Pompili, Ugo"]
[Result "1-0"]
[WhiteElo "1928"]
[BlackElo "1877"]
[PlyCount "115"]
[EventDate "2010.09.04"]

1. d4 d5 2. c4 e6 3. Nc3 f5 4. cxd5 exd5 5. g3 c6 6. Nf3 Nf6 7. Bg2 Be7 8. O-O
O-O 9. a3 Nbd7 10. Qc2 a6 11. b4 g6 12. Bh6 Re8 13. Na4 Ne4 14. Bc1 Bf6 15. Bb2
Nd6 16. e3 Nc4 17. Nd2 Nxb2 18. Nxb2 Bg7 19. Nd3 Nb6 20. Nb3 Nc4 21. Nbc5 Rb8
22. Na4 Nd6 23. Nab2 Ne4 24. Rac1 Bd7 25. Na4 b6 26. Nab2 Qe7 27. Nf4 Qf7 28.
Qd3 b5 29. Nd1 g5 30. Nh3 h6 31. f3 Nd6 32. Nhf2 Nc4 33. e4 fxe4 34. fxe4 Rf8
35. Ra1 Be6 36. e5 Qd7 37. Qe2 Rf7 38. Ne3 Rbf8 39. Rae1 Qc8 40. Ra1 Qb7 41.
Nd3 Qc8 42. Nc5 Bh3 43. Rxf7 Rxf7 44. Bxh3 Qxh3 45. Nxc4 bxc4 46. Nxa6 Re7 47.
a4 Qc8 48. Nc5 Ra7 49. Kg2 Qa8 50. Qg4 Qe8 51. a5 Bf8 52. a6 Qg6 53. Rf1 h5 54.
Qc8 Rf7 55. Rxf7 Qxf7 56. Qxc6 Bxc5 57. Qxc5 g4 58. Qc8+ 1-0

[Event "XII Festival A"]
[Site "Trieste ITA"]
[Date "2010.09.06"]
[Round "4"]
[White "Castelfranchi, Carlo"]
[Black "Laco, Giuseppe"]
[Result "0-1"]
[WhiteElo "2121"]
[BlackElo "2126"]
[PlyCount "108"]
[EventDate "2010.09.04"]

1. e4 c5 2. Nf3 Nc6 3. d4 cxd4 4. Nxd4 Nf6 5. Nc3 a6 6. Nxc6 bxc6 7. e5 Ng8 8.
Bc4 d5 9. exd6 exd6 10. O-O Nf6 11. Qf3 d5 12. Bg5 Be6 13. Rad1 Be7 14. Rfe1
Bg4 15. Qg3 Bxd1 16. Bxf6 gxf6 17. Qg7 Kd7 18. Qxf7 Bg4 19. Bxd5 Rf8 20. Qg7
cxd5 21. Qxg4+ Ke8 22. Qh5+ Rf7 23. Nxd5 Kf8 24. c4 Qd6 25. Qh6+ Kg8 26. g3 Bf8
27. Qh3 f5 28. Qh5 Rd8 29. Nf4 Qh6 30. Qf3 Qd6 31. Kg2 Re7 32. c5 Qxc5 33. Qb3+
Kh8 34. Re6 a5 35. Rxe7 Bxe7 36. Qf7 Qc6+ 37. Kh3 Qf6 38. Qb3 Qh6+ 39. Kg2 Qc6+
40. Kh3 Bf6 41. Qf7 Bxb2 42. Ne6 Re8 43. Ng5 Qh6+ 44. Kg2 Rf8 45. Qe7 Qg7 46.
Qc5 Rg8 47. Ne6 Qe5 48. Qb6 Bc3 49. Nf4 Bd4 50. Qb3 Qe1 51. Qf7 Qxf2+ 52. Kh3
Qf1+ 53. Kh4 Rg4+ 54. Kh5 Qd1 0-1

[Event "XII Festival A"]
[Site "Trieste ITA"]
[Date "2010.09.06"]
[Round "4"]
[White "Cherin, Diego"]
[Black "Suc, Timothy"]
[Result "0-1"]
[WhiteElo "2285"]
[BlackElo "2014"]
[PlyCount "120"]
[EventDate "2010.09.04"]

1. e4 e6 2. d4 d5 3. Nd2 c5 4. dxc5 Bxc5 5. Bd3 Nc6 6. Ngf3 Nf6 7. Qe2 Nb4 8.
e5 Nxd3+ 9. cxd3 Nd7 10. O-O b6 11. Nb3 Be7 12. Nbd4 Bb7 13. Bd2 a5 14. a4 Nc5
15. Bc3 Qd7 16. b3 Ba6 17. Rfd1 O-O 18. Ne1 Rac8 19. Bb2 f6 20. f4 fxe5 21.
fxe5 Ne4 22. Qe3 Bg5 23. Qe2 Rf2 24. Qxf2 Nxf2 25. Kxf2 Qf7+ 26. Nef3 Rf8 27.
Ba3 Rc8 28. Bb2 Be7 29. Ke2 Qg6 30. g3 Rf8 31. Rd2 Bc5 32. Rf1 Qe4+ 33. Kd1
Bxd3 34. Re1 Qg6 35. Nxe6 Rxf3 36. Nxc5 bxc5 37. e6 Be4 38. e7 Qe6 39. e8=Q+
Qxe8 40. Rxd5 Qa8 41. Rxc5 Rf2 42. Bd4 Rxh2 43. Kc1 Bg6 44. Rc7 Qf8 45. Rxg7+
Qxg7 46. Bxg7 Kxg7 47. Re5 Rh5 48. Re7+ Kf6 49. Rb7 Rf5 50. b4 axb4 51. Rxb4
Kg5 52. Kb2 Ra5 53. Rh4 h5 54. Kb3 Be8 55. Re4 Bxa4+ 56. Kb4 Ra8 57. Re7 Bd1
58. Kc3 Rd8 59. Ra7 Kg4 60. Rg7+ Kh3 0-1

[Event "XII Festival A"]
[Site "Trieste ITA"]
[Date "2010.09.06"]
[Round "4"]
[White "De Dreu, Dies"]
[Black "Hartl, Daniel"]
[Result "0-1"]
[WhiteElo "2019"]
[BlackElo "2233"]
[PlyCount "60"]
[EventDate "2010.09.04"]

1. d4 d5 2. Nf3 Nf6 3. c4 c6 4. Nc3 dxc4 5. e3 b5 6. a4 b4 7. Nb1 Ba6 8. Be2 e6
9. O-O c5 10. Ne5 Nbd7 11. Nxc4 Qc7 12. Nbd2 cxd4 13. exd4 Be7 14. b3 O-O 15.
Bb2 Bb7 16. Rc1 Rac8 17. Re1 Rfd8 18. Bf3 Nd5 19. Ne4 Qf4 20. g3 Qb8 21. Qe2
Ba6 22. Qd1 h6 23. Bg2 N7f6 24. Rc2 Nxe4 25. Bxe4 Bf6 26. Bd3 Nc3 27. Bxc3 bxc3
28. Rxc3 Rxd4 29. Qh5 Rd5 30. Ne5 Rxe5 0-1

[Event "XII Festival A"]
[Site "Trieste ITA"]
[Date "2010.09.06"]
[Round "4"]
[White "Gleizerov, Evgeny"]
[Black "Kovchan, Alexander"]
[Result "1/2-1/2"]
[WhiteElo "2564"]
[BlackElo "2562"]
[PlyCount "27"]
[EventDate "2010.09.04"]

1. d4 Nf6 2. c4 g6 3. Nc3 d5 4. cxd5 Nxd5 5. Bd2 Bg7 6. e4 Nb6 7. Be3 O-O 8. h3
e5 9. Nf3 exd4 10. Bxd4 Be6 11. Bxg7 Kxg7 12. Qd4+ f6 13. O-O-O Qe7 14. Be2
1/2-1/2

[Event "XII Festival A"]
[Site "Trieste ITA"]
[Date "2010.09.06"]
[Round "4"]
[White "Gregori, Giuliano"]
[Black "Vidic, Miha"]
[Result "1/2-1/2"]
[WhiteElo "1946"]
[BlackElo "2016"]
[PlyCount "141"]
[EventDate "2010.09.04"]

1. d4 Nf6 2. c4 e6 3. Nf3 b6 4. g3 Bb7 5. Bg2 Be7 6. O-O O-O 7. Nc3 Ne4 8. Qc2
Nxc3 9. Qxc3 f5 10. Rd1 Bf6 11. Qb3 Qe7 12. Bd2 d6 13. Bc3 Nd7 14. Ne5 Bxg2 15.
Nxd7 Qxd7 16. Kxg2 f4 17. f3 Bg5 18. Rh1 d5 19. Be1 Rae8 20. Rd1 Qc6 21. Qc3
Qxc4 22. Qxc4 dxc4 23. h4 Bh6 24. g4 g6 25. Bc3 Rd8 26. Rd2 Rd5 27. Rhd1 Rfd8
28. Kf1 Kf7 29. Kg2 Bg7 30. Kf2 b5 31. e3 fxe3+ 32. Kxe3 Bf6 33. a3 Bxh4 34.
Rh1 g5 35. Ke2 Kg6 36. Rh3 R8d7 37. a4 c6 38. axb5 cxb5 39. b3 cxb3 40. Rb2 b4
41. Bxb4 Rxd4 42. Bc3 Rd1 43. Rxb3 Rg1 44. Rb8 e5 45. Rb5 Rg2+ 46. Ke3 Bf2+ 47.
Ke4 Bg3 48. Rb2 Rg1 49. Ra2 Bf4 50. Ra6+ Kg7 51. Ra5 Re7 52. Kf5 Rb1 53. Bxe5+
Rxe5+ 54. Rxe5 Bxe5 55. Kxe5 Rb5+ 56. Ke4 a5 57. Rh1 a4 58. Ra1 Ra5 59. Ra3 Kf7
60. Kd3 Kf6 61. Kc2 Ke5 62. Kb2 h6 63. Ka2 Kf4 64. Rc3 Re5 65. Rc6 Kxf3 66.
Rxh6 Kxg4 67. Ka3 Rc5 68. Rh1 Kf3 69. Rh5 Rc3+ 70. Kb4 Kg4 71. Rxg5+ 1/2-1/2

[Event "XII Festival A"]
[Site "Trieste ITA"]
[Date "2010.09.06"]
[Round "4"]
[White "Ivanovic, Andrej"]
[Black "Varini, Massimo"]
[Result "1-0"]
[WhiteElo "1898"]
[BlackElo "2105"]
[PlyCount "151"]
[EventDate "2010.09.04"]

1. d4 Nf6 2. c4 g6 3. Nc3 Bg7 4. Nf3 O-O 5. g3 d6 6. Bg2 Nc6 7. O-O Bf5 8. h3
Ne4 9. Nh4 Nxc3 10. bxc3 Bd7 11. Rb1 Rb8 12. Qd3 Na5 13. e4 b6 14. Ba3 c5 15.
dxc5 dxc5 16. Bxc5 Bxh3 17. Qxd8 Rfxd8 18. Bxe7 Bxg2 19. Nxg2 Re8 20. Bd6 Rbd8
21. c5 Nb7 22. Bc7 Rc8 23. cxb6 axb6 24. Bxb6 Rxe4 25. Bd4 Nd6 26. Bxg7 Kxg7
27. Rfd1 Nc4 28. Rb7 Re2 29. a4 Ne5 30. Nf4 Ra2 31. Rd5 Ng4 32. Rdd7 Ne5 33.
Re7 Nf3+ 34. Kg2 Ng5 35. Nh3 Nxh3 36. Rxf7+ Kh6 37. Rxh7+ Kg5 38. Rb5+ Kf6 39.
Rb6+ Kg5 40. Rb5+ Kf6 41. Rb6+ Kg5 42. Rxh3 Rxc3 43. Rh4 Rc1 44. Rb5+ Kf6 45.
Rf4+ Kg7 46. Rb7+ Kh6 47. Rb6 Rcc2 48. Rbf6 Kg5 49. Rf7 Rc1 50. Re4 Raa1 51.
Re5+ Kh6 52. Kh3 Rxa4 53. f4 Rc6 54. Kg4 Rac4 55. Ree7 g5 56. Rh7+ Kg6 57.
Reg7+ Kf6 58. Rxg5 Rc8 59. Rh6+ Kf7 60. Ra6 R4c7 61. Rf5+ Kg7 62. Rfa5 Rc3 63.
Ra7+ Kf6 64. R5a6+ R8c6 65. Rxc6+ Rxc6 66. Ra5 Rc3 67. Ra6+ Kf7 68. f5 Rb3 69.
Kf4 Rc3 70. g4 Rc1 71. Kg5 Rg1 72. Ra7+ Kg8 73. Kh5 Kh8 74. g5 Kg8 75. Kg6 Kf8
76. f6 1-0

[Event "XII Festival A"]
[Site "Trieste ITA"]
[Date "2010.09.06"]
[Round "4"]
[White "Jovic, Stanoje"]
[Black "Mazi, Leon"]
[Result "1-0"]
[WhiteElo "2290"]
[BlackElo "2381"]
[PlyCount "89"]
[EventDate "2010.09.04"]

1. c4 e6 2. g3 Nf6 3. Bg2 d5 4. Nf3 Be7 5. O-O O-O 6. b3 c5 7. cxd5 Nxd5 8. Bb2
Nc6 9. Nc3 Nc7 10. Rc1 b6 11. Na4 Rb8 12. d4 Nxd4 13. Nxd4 cxd4 14. Qxd4 Qxd4
15. Bxd4 Bd6 16. Rfd1 Nb5 17. Bb2 Bb7 18. Nc3 Nxc3 19. Bxc3 Bxg2 20. Kxg2 Rbd8
21. Bb2 Bb8 22. Ba3 Rfe8 23. Be7 Rc8 24. Rxc8 Rxc8 25. Rd7 h5 26. Rb7 Kh7 27.
Bg5 Kg6 28. Be3 Kf6 29. a4 e5 30. h4 Ke6 31. b4 f5 32. a5 f4 33. gxf4 exf4 34.
Bd4 bxa5 35. bxa5 a6 36. Bxg7 Bd6 37. Bd4 Kd5 38. Bb6 Rg8+ 39. Kf3 Rg4 40. Bd8
Rg8 41. Bg5 Rc8 42. Rh7 Rc3+ 43. Kg2 f3+ 44. exf3 Rc5 45. Be3 1-0

[Event "XII Festival A"]
[Site "Trieste ITA"]
[Date "2010.09.06"]
[Round "4"]
[White "Kragelj, Igor"]
[Black "Sorbera, Giovanni"]
[Result "1-0"]
[WhiteElo "2226"]
[BlackElo "2057"]
[PlyCount "87"]
[EventDate "2010.09.04"]

1. d4 Nf6 2. c4 e6 3. Nf3 Bb4+ 4. Bd2 Qe7 5. g3 O-O 6. Bg2 c5 7. Bxb4 cxb4 8.
O-O d5 9. Nbd2 Nc6 10. Qc2 Rd8 11. Rad1 Bd7 12. e4 dxc4 13. Nxc4 b5 14. Nce5
Rac8 15. Nxd7 Qxd7 16. Qe2 b3 17. axb3 Nb4 18. Rd2 Rc7 19. Ne5 Qe8 20. Bh3 Rdc8
21. d5 Rc2 22. dxe6 fxe6 23. Rfd1 h6 24. Kg2 Kh7 25. Qe3 Qh5 26. Nf3 Rxd2 27.
Rxd2 Qf7 28. e5 Nfd5 29. Qe4+ Kh8 30. Nd4 Qb7 31. f3 Rc1 32. Bxe6 Qa6 33. Bxd5
Nxd5 34. Qxd5 Qa1 35. Qa8+ Kh7 36. Qe4+ Kh8 37. Qa8+ Kh7 38. Qe4+ Kh8 39. Re2
Rc8 40. e6 Qd1 41. Rc2 Re8 42. Qg6 Rg8 43. e7 h5 44. Qxh5# 1-0

[Event "XII Festival A"]
[Site "Trieste ITA"]
[Date "2010.09.06"]
[Round "4"]
[White "Kuzubov, Yuriy"]
[Black "Ulibin, Mikhail"]
[Result "1-0"]
[WhiteElo "2628"]
[BlackElo "2544"]
[PlyCount "95"]
[EventDate "2010.09.04"]

1. d4 e6 2. e4 d5 3. Nc3 Nf6 4. e5 Nfd7 5. f4 c5 6. Nf3 Qb6 7. Be3 a6 8. a3 Qa7
9. Ne2 Nc6 10. c3 b5 11. dxc5 Bxc5 12. Ned4 Qc7 13. Ng5 Qb6 14. b4 Bxd4 15.
cxd4 h6 16. Nf3 Qc7 17. Nd2 Nb6 18. Nb3 Nc4 19. Bd2 Ne7 20. Bd3 h5 21. Qe2 Bd7
22. Nc5 Nf5 23. Bc3 Ra7 24. O-O g6 25. Rf3 Bc6 26. Rh3 Rh6 27. Qf2 Qe7 28. Be1
Kf8 29. Bc2 Kg8 30. Rd1 Ra8 31. Qe2 Rh7 32. Bxf5 exf5 33. Bh4 Qe8 34. Re1 Bd7
35. Bf6 Be6 36. Rd1 a5 37. bxa5 Rxa5 38. Rb3 Bd7 39. Qd3 Rh6 40. h3 Rh7 41.
Rdb1 Bc8 42. Qc3 Qc6 43. Qb4 Qa8 44. Rc3 Nd2 45. Nb3 Nxb3 46. Rbxb3 Bd7 47. Rc7
Be6 48. Qe7 1-0

[Event "XII Festival A"]
[Site "Trieste ITA"]
[Date "2010.09.06"]
[Round "4"]
[White "Mocchi, Tullio"]
[Black "Rombaldoni, Axel"]
[Result "0-1"]
[WhiteElo "2248"]
[BlackElo "2453"]
[PlyCount "78"]
[EventDate "2010.09.04"]

1. d4 Nf6 2. Nf3 g6 3. Bf4 Bg7 4. e3 O-O 5. h3 d6 6. Be2 Nfd7 7. c3 e5 8. dxe5
dxe5 9. Bh2 Qe7 10. Nbd2 a5 11. a4 b6 12. Nc4 Bb7 13. O-O Rd8 14. Qc2 Nc5 15.
Nfd2 Nba6 16. Rfd1 e4 17. Nb3 Nxb3 18. Qxb3 Nc5 19. Qc2 Nd3 20. Na3 Rd7 21. Rd2
h5 22. Rad1 Rad8 23. Nb5 c6 24. Nd4 c5 25. Nb5 Bc6 26. Na3 Qe6 27. b3 Bf6 28.
Nc4 Bxa4 29. f3 Bg5 30. fxe4 Bxb3 31. Qxb3 Bxe3+ 32. Kf1 Bxd2 33. Rxd2 Nc1 34.
Rxd7 Qf6+ 35. Bf3 Nxb3 36. Be5 Qg5 37. Bf4 Qxf4 38. Rxd8+ Kg7 39. Nxb6 Qc7 0-1

[Event "XII Festival A"]
[Site "Trieste ITA"]
[Date "2010.09.06"]
[Round "4"]
[White "Ottaviani, Gianluca"]
[Black "Sevenyuk, Alexey"]
[Result "1-0"]
[WhiteElo "1936"]
[BlackElo "1920"]
[PlyCount "73"]
[EventDate "2010.09.04"]

1. e4 c5 2. Nf3 d6 3. c3 a6 4. d4 cxd4 5. cxd4 Nf6 6. Nc3 g6 7. Bd3 Bg7 8. O-O
O-O 9. h3 b5 10. e5 Ne8 11. Re1 Nc6 12. Bf4 e6 13. Rc1 Nxd4 14. Nxd4 dxe5 15.
Nc6 Qb6 16. Nxe5 f6 17. Nf3 Bb7 18. Be4 Bxe4 19. Nxe4 f5 20. Nc3 Nf6 21. Qb3
Kh8 22. Rxe6 Qa5 23. Re7 b4 24. Re5 Qb6 25. Nd5 Nxd5 26. Rxd5 Rfe8 27. Be5 Bxe5
28. Rxe5 a5 29. Rce1 Qc6 30. Rxe8+ Rxe8 31. Rxe8+ Qxe8 32. Qd5 Qc8 33. Qe5+ Kg8
34. Qd4 h6 35. Ne5 Qc1+ 36. Kh2 Qc7 37. Qc4+ 1-0

[Event "XII Festival A"]
[Site "Trieste ITA"]
[Date "2010.09.06"]
[Round "4"]
[White "Pasquotto, Mirko"]
[Black "Fehr, Axel"]
[Result "0-1"]
[WhiteElo "1934"]
[BlackElo "2147"]
[PlyCount "44"]
[EventDate "2010.09.04"]

1. d4 d5 2. c4 c6 3. Nf3 Nf6 4. Nc3 a6 5. c5 Nbd7 6. h3 g6 7. Bf4 Bg7 8. e3 Ne4
9. Bd3 Nxc3 10. bxc3 Qa5 11. Qc2 O-O 12. O-O e5 13. Nxe5 Nxe5 14. Bxe5 Bxe5 15.
dxe5 Qxc5 16. Qd2 Be6 17. Kh1 a5 18. f4 f5 19. Rfb1 b5 20. a4 bxa4 21. Rxa4
Rfb8 22. Be2 Rxb1+ 0-1

[Event "XII Festival A"]
[Site "Trieste ITA"]
[Date "2010.09.06"]
[Round "4"]
[White "Pomaro, Alberto"]
[Black "Bogdanovski, Vlatko"]
[Result "1-0"]
[WhiteElo "2362"]
[BlackElo "2398"]
[PlyCount "65"]
[EventDate "2010.09.04"]

1. e4 c6 2. d4 d5 3. e5 Bf5 4. Nf3 e6 5. Be2 Nd7 6. O-O Ne7 7. b3 h6 8. c4 a6
9. Nbd2 Ng6 10. g3 Bb4 11. Bb2 O-O 12. a3 Be7 13. Ne1 Bh3 14. Ng2 dxc4 15. Nxc4
Nb6 16. Bd3 c5 17. Qh5 Bxg2 18. Kxg2 cxd4 19. f4 Nxc4 20. bxc4 Qb6 21. Rf2 Rad8
22. Re1 Qb3 23. Qf3 Bxa3 24. Bxa3 Qxa3 25. f5 exf5 26. Qxf5 Qa5 27. e6 Qxf5 28.
Bxf5 Ne7 29. exf7+ Kxf7 30. Bg4+ Ke8 31. Rfe2 Rf7 32. Bh5 Rd7 33. Rf2 1-0

[Event "XII Festival A"]
[Site "Trieste ITA"]
[Date "2010.09.06"]
[Round "4"]
[White "Pregarac, Valter"]
[Black "De Val, Daniele"]
[Result "1/2-1/2"]
[WhiteElo "2089"]
[BlackElo "2249"]
[PlyCount "183"]
[EventDate "2010.09.04"]

1. d4 d5 2. c4 e6 3. Nc3 c5 4. e3 Nf6 5. Nf3 a6 6. a3 dxc4 7. dxc5 Qxd1+ 8.
Kxd1 Bxc5 9. Bxc4 b5 10. Bd3 Bb7 11. Ke2 O-O 12. h3 Nbd7 13. e4 Be7 14. b4 Rac8
15. Bb2 Nb6 16. Nd2 Nfd7 17. f4 f5 18. Rhf1 e5 19. fxe5 Nxe5 20. Nd5 Nxd5 21.
Bxe5 Nc3+ 22. Bxc3 Rxc3 23. Rfc1 Bf6 24. Rxc3 Bxc3 25. Ra2 Re8 26. Ke3 Kf7 27.
Rc2 Bxd2+ 28. Rxd2 Bxe4 29. Bxe4 Rxe4+ 30. Kf3 Ke6 31. Rd8 Rc4 32. Re8+ Kf6 33.
Rf8+ Ke6 34. Re8+ Kd5 35. Rd8+ Ke5 36. Re8+ Kf6 37. Rf8+ Kg5 38. h4+ Kxh4 39.
Rxf5 Rc3+ 40. Kf2 Rxa3 41. Rf7 Rg3 42. Rf4+ Rg4 43. g3+ Kg5 44. Rf7 Kg6 45. Ra7
Rxb4 46. Rxa6+ Kh5 47. Ra7 Kh6 48. Rb7 Rb1 49. Kg2 b4 50. Kh2 b3 51. Kg2 b2 52.
Kh2 Kg6 53. Rb6+ Kf5 54. Rb7 Ke4 55. Re7+ Kd5 56. Rb7 h5 57. Rb5+ Kc4 58. Rb8
Kd4 59. Rb4+ Ke5 60. Rb5+ Kf6 61. Rb6+ Kg5 62. Rb5+ Kg4 63. Kg2 g6 64. Rb4+ Kf5
65. Rb5+ Ke4 66. Rb4+ Kd3 67. Rb8 Rc1 68. Rxb2 Rc6 69. Rb3+ Ke4 70. Rb4+ Kf5
71. Rb5+ Kg4 72. Rb4+ Kg5 73. Rb5+ Kf6 74. Rb2 Re6 75. Ra2 Re5 76. Rb2 Rg5 77.
Rb6+ Kg7 78. Rb4 Kh6 79. Kh3 Re5 80. Rb2 Re3 81. Kg2 Kg5 82. Ra2 Kf5 83. Ra5+
Re5 84. Ra2 g5 85. Rb2 Ke4 86. Ra2 Rd5 87. Re2+ Kd4 88. Re8 Re5 89. Rd8+ Kc3
90. Kf3 h4 91. gxh4 gxh4 92. Rh8 1/2-1/2

[Event "XII Festival A"]
[Site "Trieste ITA"]
[Date "2010.09.06"]
[Round "4"]
[White "Sarno, Spartaco"]
[Black "Epishin, Vladimir V."]
[Result "0-1"]
[WhiteElo "2329"]
[BlackElo "2594"]
[PlyCount "96"]
[EventDate "2010.09.04"]

1. Nf3 g6 2. g3 Bg7 3. Bg2 e5 4. d3 d6 5. c4 f5 6. Nc3 Nf6 7. O-O O-O 8. Rb1 h6
9. b4 Qe8 10. Nd5 Nxd5 11. cxd5 Rf7 12. Nd2 Nd7 13. Bb2 Nf6 14. Rc1 g5 15. Rc4
b5 16. Rc2 f4 17. Ne4 Bf5 18. Nxf6+ Bxf6 19. Be4 Bh3 20. Bg6 Bxf1 21. Qxf1 Kg7
22. Bxf7 Qxf7 23. e4 fxe3 24. fxe3 a5 25. bxa5 Rxa5 26. Qf5 Ra8 27. e4 Bd8 28.
Qh3 c5 29. dxc6 Bb6+ 30. Kg2 Rxa2 31. d4 exd4 32. Rf2 Qe7 33. Qf5 Ra7 34. g4 b4
35. h4 gxh4 36. Kh3 Qe5 37. Qf8+ Kg6 38. Kxh4 Qe7+ 39. Qxe7 Rxe7 40. Rc2 b3 41.
Rc4 d3 42. Rc3 Bd4 43. Rxb3 d2 44. Rd3 Bxb2 45. Rxd6+ Bf6+ 46. Kg3 Rxe4 47.
Rxd2 Be5+ 48. Kh4 Re3 0-1

[Event "XII Festival A"]
[Site "Trieste ITA"]
[Date "2010.09.06"]
[Round "4"]
[White "Tonel, Giulia"]
[Black "Archangelsky, Mikhail"]
[Result "1/2-1/2"]
[WhiteElo "1977"]
[BlackElo "2212"]
[PlyCount "57"]
[EventDate "2010.09.04"]

1. e4 e6 2. Nf3 d5 3. Nc3 Nf6 4. e5 Nfd7 5. d4 c5 6. dxc5 Nc6 7. Bf4 Bxc5 8.
Bd3 f6 9. exf6 Nxf6 10. Qe2 O-O 11. O-O-O a6 12. h4 b5 13. h5 h6 14. Nh4 Qa5
15. g4 b4 16. Nb1 Qxa2 17. g5 hxg5 18. Bxg5 Bd4 19. h6 Qxb2+ 20. Kd2 Bc3+ 21.
Nxc3 Qxc3+ 22. Kc1 Qa1+ 23. Kd2 Qc3+ 24. Kc1 gxh6 25. Bxh6 Qa1+ 26. Kd2 Qc3+
27. Kc1 Qa1+ 28. Kd2 Qc3+ 29. Kc1 1/2-1/2

[Event "XII Festival A"]
[Site "Trieste ITA"]
[Date "2010.09.06"]
[Round "4"]
[White "Tzermiadianos, Andreas"]
[Black "Roiz, Michael"]
[Result "1/2-1/2"]
[WhiteElo "2426"]
[BlackElo "2637"]
[PlyCount "80"]
[EventDate "2010.09.04"]

1. e4 c5 2. c3 d5 3. exd5 Qxd5 4. d4 e6 5. Nf3 Nf6 6. Be3 Be7 7. Bd3 O-O 8. O-O
Rd8 9. Qe2 Nc6 10. Bc4 Qh5 11. dxc5 Bxc5 12. Bxc5 Qxc5 13. Nbd2 b6 14. Rad1 Bb7
15. Nb3 Qe7 16. Ba6 Bxa6 17. Qxa6 e5 18. Qb5 Qc7 19. Qc4 Rd7 20. Rxd7 Qxd7 21.
Nbd2 Re8 22. Ne4 Nxe4 23. Qxe4 f6 24. Nh4 Rd8 25. Nf5 Qd5 26. Qa4 Kf7 27. Ne3
Qe6 28. Rd1 Rxd1+ 29. Nxd1 f5 30. Ne3 g6 31. Kf1 e4 32. h4 Qd7 33. Ke1 Ke7 34.
Qc4 Qe6 35. Qa4 Kd8 36. c4 Qd7 37. Nd1 Ne5 38. Qa3 Kc8 39. b3 Nd3+ 40. Ke2 Kb7
1/2-1/2

[Event "XII Festival A"]
[Site "Trieste ITA"]
[Date "2010.09.06"]
[Round "4"]
[White "Walta, Paivi"]
[Black "Petrachi, Gianni"]
[Result "1-0"]
[WhiteElo "1846"]
[BlackElo "1899"]
[PlyCount "98"]
[EventDate "2010.09.04"]

1. e4 e5 2. Bc4 Nf6 3. d3 Nc6 4. Nf3 Be7 5. c3 d6 6. Bb3 O-O 7. O-O Na5 8. Bc2
c5 9. h3 Nc6 10. Re1 Qc7 11. Na3 a6 12. d4 b5 13. d5 Na5 14. b4 Nb7 15. bxc5
Nxc5 16. Bd2 Bd7 17. Rc1 a5 18. Bb1 Rab8 19. Bg5 h6 20. Bxf6 Bxf6 21. Nc2 Na4
22. Ne3 Nxc3 23. Qd2 b4 24. Bd3 Ba4 25. a3 Qd7 26. Nc4 Bd8 27. Qb2 Bb5 28. axb4
Bxc4 29. Bxc4 axb4 30. Rxc3 bxc3 31. Qxb8 Ba5 32. Qb3 Qc7 33. Rb1 Rc8 34. Bd3
g5 35. Rc1 Bb6 36. Rc2 Bd4 37. Qa2 Qb6 38. Kh2 Rb8 39. Ng1 Rc8 40. Ne2 Qd8 41.
Qa3 Qc7 42. Ng3 Kh7 43. Nf5 Rd8 44. Qb4 Qa7 45. Kg3 h5 46. Qb1 h4+ 47. Kh2 Kg6
48. Qd1 Qa3 49. Qg4 Rh8 1-0

[Event "XII Festival A"]
[Site "Trieste ITA"]
[Date "2010.09.06"]
[Round "4"]
[White "Yrjola, Jouni"]
[Black "Piscopo, Pierluigi"]
[Result "1/2-1/2"]
[WhiteElo "2368"]
[BlackElo "2424"]
[PlyCount "93"]
[EventDate "2010.09.04"]

1. d4 Nf6 2. Nf3 c5 3. d5 e6 4. c4 d6 5. Nc3 exd5 6. cxd5 g6 7. h3 Bg7 8. e4 a6
9. a4 Nbd7 10. Bd3 Nh5 11. Bg5 Bf6 12. Be3 O-O 13. O-O Bg7 14. Qd2 b6 15. Rab1
Ra7 16. b4 Rc7 17. bxc5 Nxc5 18. Nd4 Bd7 19. Bc2 Rc8 20. Rb4 Re8 21. Rfb1 Rb8
22. Nc6 Bxc6 23. dxc6 a5 24. Nd5 axb4 25. c7 Qd7 26. cxb8=Q Rxb8 27. Qxb4 Nf6
28. Nxb6 Qc6 29. Qb5 Qc7 30. f3 Nfd7 31. a5 Bc3 32. Nd5 Rxb5 33. Nxc7 Rxb1+ 34.
Bxb1 Bxa5 35. Nb5 Nb7 36. Ba2 Bb6 37. Kf2 Kf8 38. Bd5 Bxe3+ 39. Kxe3 Ndc5 40.
Bxb7 Nxb7 41. Kd4 Ke7 42. Kd5 Kd7 43. f4 h5 44. g3 Ke7 45. Na3 Nc5 46. Nc4 Nd3
47. h4 1/2-1/2